000 00326nam a22001337a 4500
005 20240105105810.0
008 240105b ||||| |||| 00| 0 eng d
040 _cAL
041 _aEnglish
082 _223
_a510.2433
_bSASP
100 _aSastri and others
_9147421
245 _aPre University Mathematics
942 _2ddc
_cBK
999 _c229577
_d229577